Cities of Harrison County, Iowa - Statistics

General Stats
  • This quiz has been taken 2 times
  • The average score is 6 of 10
Answer Stats
Cities % Correct
3 Logan
100%
9 Magnolia
100%
1 Missouri Valley
100%
5 Mondamin
100%
4 Dunlap
50%
7 Modale
50%
8 Pisgah
50%
2 Woodbine
50%
10 Little Sioux
0%
6 Persia
0%
No matching quizzes found
Score Distribution
Percent of People with Each Score
Percentile by Number Answered
Your Score History
You have not taken this quiz